Derecho internacional humanitario / (Registro nro. 18900)
[ vista simple ]
| 000 -LEADER | |
|---|---|
| fixed length control field | 01474nam a2200337 4500 |
| 001 - CONTROL NUMBER | |
| control field | 0000018646 |
| 003 - CONTROL NUMBER IDENTIFIER | |
| control field | CO-CtgCURN |
| 005 - DATE AND TIME OF LATEST TRANSACTION | |
| control field | 20250509162913.0 |
| 008 - FIXED-LENGTH DATA ELEMENTS--GENERAL INFORMATION | |
| fixed length control field | 160627s2002 000 0 eng d |
| 020 ## - INTERNATIONAL STANDARD BOOK NUMBER | |
| International Standard Book Number | 9586904261 |
| 040 ## - CATALOGING SOURCE | |
| Original cataloging agency | CO-CtgCURN |
| Language of cataloging | spa |
| Transcribing agency | coctgcurn |
| 082 0# - DEWEY DECIMAL CLASSIFICATION NUMBER | |
| Classification number | 341.481 |
| Item number | C15d |
| 100 1# - MAIN ENTRY--PERSONAL NAME | |
| Personal name | Camargo de la Torre, Pedro Pablo. |
| 245 10 - TITLE STATEMENT | |
| Title | Derecho internacional humanitario / |
| Statement of responsibility, etc. | Pedro Pablo Camargo. |
| 250 ## - EDITION STATEMENT | |
| Edition statement | 3a ed. |
| 260 ## - PUBLICATION, DISTRIBUTION, ETC. | |
| Place of publication, distribution, etc. | Bogotá : |
| Name of publisher, distributor, etc. | Leyer, |
| Date of publication, distribution, etc. | 2002. |
| 300 ## - PHYSICAL DESCRIPTION | |
| Extent | xi, 860 p. |
| 336 ## - CONTENT TYPE | |
| Source | rdacontent |
| 337 ## - MEDIA TYPE | |
| Source | rdamedia |
| Media type term | sin mediacion |
| Media type code | n |
| 338 ## - CARRIER TYPE | |
| Source | rdacarrier |
| Carrier type term | volumen |
| Carrier type code | nc |
| 504 ## - BIBLIOGRAPHY, ETC. NOTE | |
| Bibliography, etc. note | Incluye blibliografia. |
| 505 8# - FORMATTED CONTENTS NOTE | |
| Formatted contents note | Fundamentos, evolucion y contenido del derecho internacional humanitario.--Consecuencias juridicas del conflicto armado.--Protección de las victimas de los conflictos armados internacionales.--Conflictos armados internacionales en tierra, mar, aire y espacio ultraterrestre.--Armas de destrucción masiva y convenionales prohibidas y de uso restringido |
| 610 20 - SUBJECT ADDED ENTRY--CORPORATE NAME | |
| Corporate name or jurisdiction name as entry element | Convenio de La Haya |
| Chronological subdivision | 1907. |
| 908 ## - PUT COMMAND PARAMETER (RLIN) | |
| Put command parameter | 160627 |
| 942 ## - ADDED ENTRY ELEMENTS (KOHA) | |
| Koha item type | Libros |
| Classification part | 341.481 |
| Item part | C15d |
| Source of classification or shelving scheme | Dewey Decimal Classification |
| Koha issues (borrowed), all copies | 2 |
| Suppress in OPAC | No |
| Withdrawn status | Lost status | Source of classification or shelving scheme | Damaged status | Not for loan | Collection | Home library | Current library | Shelving location | Date acquired | Inventory number | Total checkouts | Full call number | Barcode | Date last seen | Copy number | Price effective from | Koha item type | Public note | Date last checked out |
|---|---|---|---|---|---|---|---|---|---|---|---|---|---|---|---|---|---|---|---|
| Dewey Decimal Classification | General | Miguel Henríquez Castañeda | Miguel Henríquez Castañeda | General | 03/04/2019 | 003638 | 341.481 C15d | 003638 | 03/04/2019 | ej.1 | 03/04/2019 | Libros | 340-DEREC | ||||||
| Dewey Decimal Classification | Miguel Henríquez Castañeda | Miguel Henríquez Castañeda | General | 03/04/2019 | 003639 | 341.481 C15d | 003639 | 03/04/2019 | ej.2 | 03/04/2019 | Libros | 340-DEREC | |||||||
| Dewey Decimal Classification | Miguel Henríquez Castañeda | Miguel Henríquez Castañeda | General | 03/04/2019 | 003640 | 341.481 C15d | 003640 | 03/04/2019 | ej.3 | 03/04/2019 | Libros | 340-DEREC | |||||||
| Dewey Decimal Classification | Miguel Henríquez Castañeda | Miguel Henríquez Castañeda | General | 03/04/2019 | 003641 | 2 | 341.481 C15d | 003641 | 04/12/2023 | ej.4 | 03/04/2019 | Libros | 340-DEREC | 04/11/2023 | |||||
| Dewey Decimal Classification | Miguel Henríquez Castañeda | Miguel Henríquez Castañeda | General | 03/04/2019 | 003642 | 341.481 C15d | 003642 | 03/04/2019 | ej.5 | 03/04/2019 | Libros | 340-DEREC |